000 02575nam0a2200373 4500
001 RU\NLR\BIBL_A\012906719
005 20251214193352.0
010 _a978-5-00204-321-7
_910
021 _aRU
_b2022-54916
_9КН-П-4766
035 _a(NLR Aleph) 012906719
035 _a(RuMoRGB)011182172
090 _a13495014
_c13495014
100 _a20221011d2022 m y0rusy50 ca
101 0 _arus
102 _aRU
105 _aa j 000zy
181 0 _ai
_baxxe
182 0 _an
200 1 _aСверхпроводники и криопроводники
_e[учебное пособие]
_fМатасов А. В., Зайцев Ю. В., Серебрянников С. С., Мирошниченко А. Ю.
203 _aТекст
_bвизуальный
_cнепосредственный
210 _aМосква
_cПеро
_d2022
215 _a103 с.
_cил.
_d21
320 _aБиблиогр.: с. 97-103 (113 назв.)
330 _aУчебное пособие знакомит студентов и научных работников с основными физическими концепциями сверхпроводимости и криопроводимости, электротехническими материалами c указанными физическими эффектами. Приводятся примеры использования сверхпроводников и криопроводников в приборах и различных электротехнических изделиях. Учебное пособие по лекционным курсам Электротехническое материаловедение, Электротехнические материалы и изделия, Оксидные материалы
606 1 _aСверхпроводники
_jУчебные издания для высших учебных заведений
_91129889
_3RU\NLR\AUTH\66129333
686 1 _aЗ232.07я73-1
701 1 _aМатасов
_bА. В.
_gАнтон Владимирович
701 1 _aЗайцев
_bЮ. В.
_cд-р техн. наук, электротехника, информатика
_gЮлий Владимирович
_9145200
_3RU\NLR\AUTH\770145236
701 1 _7ca
_8rus
_aСеребрянников
_bС. С.
_cканд. техн. наук
_f1982-
_gСергей Сергеевич
_9266488
_3RU\NLR\AUTH\770266544
701 1 _aМирошниченко
_bА. Ю.
_gАнтон Юрьевич
942 _cBOOK
980 _aNB